• 首页
  • 本馆介绍
  • 公告通知
  • 最新文献
  • 馆藏检索
  • 电子资源
  • 读者导购
  • 参考咨询
  • 我的图书馆
  • 登录
  • 详细信息显示
  • 放入我的书架
  • 预约/预借图书
  • 作者相关作品
  • 分类相关作品
  • 丛书相关作品
  • 出版社相关作品

书目信息

  • 表格格式
  • 工作单格式
  • 卡片格式
题名:
财产与责任保险原理
    
 
作者: 卢瑟亚特 编 ;英勇 于小东总 译校
分册:  
出版信息: 北京   北京大学出版社  2003
页数: 286
开本: 21cm
丛书名:
单 册:
中图分类: F840.6
科图分类:
主题词: 保险
电子资源:
ISBN: 7-301-06359-8
000 00687nam0 2200205 450
001 0760515518
005 20070817164835.51
010    @a7-301-06359-8@d¥32.00
100    @a20070817d km y0chiy0120 ea
101 0  @achi
200 1  @a财产与责任保险原理@Acai chan yu ze ren bao xian yuan li@f(美)卢瑟亚特等编@F(mei)lu se ya te deng bian@g英勇 于小东总译校@Gying yong yu xiao dong zong yi xiao
205    @a第三版
210    @a北京@c北京大学出版社@d2003
215    @a286@d21cm
606 0  @a保险
690    @aF840.6@v3
701  0 @a卢瑟亚特@Alu se ya te@4编
702  0 @a英勇 于小东总@Aying yong yu xiao dong zong@4译校
801  0 @aCN@bPFT@c20070817
905    @a213230@dF840.6@eg61@f1
    
    财产与责任保险原理/(美)卢瑟亚特等编/英勇 于小东总译校.-第三版.-北京:北京大学出版社,2003
    286;21cm
    
    
    ISBN 7-301-06359-8:¥32.00
    
●
相关链接 在E读中查询图书 在五车中查询图书 在当当中查询图书 在豆瓣中查询图书


正题名:财产与责任保险原理     索取号:F840.6/g61         预约/预借

序号 登录号 条形码 馆藏地/架位号 状态 备注
1 6502915   265029159   密集书库-海洋学院/ [索取号:F840.6/g61] 在馆    
2 6502916   265029168   密集书库-海洋学院/ [索取号:F840.6/g61] 在馆    
唐山师范学院图书馆 欢迎您!
大连网信软件有限公司© 版权所有